Legendary Quarterback's Nicknames - Statistics

General Stats
  • This quiz has been taken 11 times
  • The average score is 12 of 15
Answer Stats
Hint Answer % Correct
A-Rod Aaron Rodgers
100%
Big Ben Ben Roethlisberger
91%
The Gunslinger Brett Favre
91%
Dan the Man Dan Marino
91%
Breesus Drew Brees
91%
The Duke of Denver John Elway
91%
The Blond Bomber Terry Bradshaw
91%
Touchdown Tommy - THE GOAT Tom Brady
91%
The Sheriff Peyton Manning
82%
Felipe Rios Philip Rivers
82%
Ookie - Great Dog Owner Michael Vick
73%
Rocket Man Randall Cunningham
73%
The Comeback Kid Joe Montana
64%
The Godfather Troy Aikman
45%
Daddy Warren Moon
45%
No matching quizzes found
Score Distribution
Percent of People with Each Score
Percentile by Number Answered
Your Score History
You have not taken this quiz